Fr. Conceicao Rodrigues College of Engineering

Using SQL Server 7.0 (Record no. 17952)

MARC details
000 -LEADER
fixed length control field 00317nam a2200157Ia 4500
082 ## - DEWEY DECIMAL CLASSIFICATION NUMBER
Classification number 5.72
Item number WYN
100 ## - MAIN ENTRY--PERSONAL NAME
Personal name Wynkoop/ Stephen
250 ## - EDITION STATEMENT
Edition statement 2
245 ## - TITLE STATEMENT
Title Using SQL Server 7.0
260 ## - PUBLICATION, DISTRIBUTION, ETC.
Name of publisher, distributor, etc. Prentice Hall
Date of publication, distribution, etc. 1999
300 ## - PHYSICAL DESCRIPTION
Extent 766
546 ## - LANGUAGE NOTE
Language note ENGLISH
654 ## - SUBJECT ADDED ENTRY--FACETED TOPICAL TERMS
Focus term Computer
942 ## - ADDED ENTRY ELEMENTS (KOHA)
Koha item type BOOK
Holdings
Withdrawn status Lost status Damaged status Not for loan Collection Home library Current library Date acquired Inventory number Total Checkouts Full call number Barcode Date last seen Price effective from Koha item type
        CRC Fr. Agnel's C.Rodrigues College of Engineering Fr. Agnel's C.Rodrigues College of Engineering 17/03/2023 3426   5.72 WYN 11060 17/03/2023 17/03/2023 BOOK